00338nam a2200097Ia 4500082001300000245009900013100006100112942000700173008004100180999001900221 a920 KATH 0aLetters from Robben Island : a selection of Ahmed Kathrada's prison correspondence, 1964-1989  a KATHRADA, A M Cape Town, 2000 2nd ed 933061 cBK210817s9999 xx 000 0 und d c402055d402054